| 000 | 00833cab a2200241 4500 | ||
|---|---|---|---|
| 001 | X96144 | ||
| 008 | 090401t1999 xxu||||| |||| 00| 0 eng d | ||
| 035 | _a(Sirsi) u90781 | ||
| 041 | _aeng | ||
| 245 | _aMcLean Homes (East Anglia) Limited v SoS and Chelmsford BC | ||
| 260 | _c1999 | ||
| 350 | _a0 | ||
| 490 |
_aNew Property Cases _v[1999] NPC 4, 1-2(2) |
||
| 520 | _aQB 8 January 1999. An unexpected application of Lord Bridge`s speech in "Save Britain`s Heritage". Headnote from journal - no photocopying allowed. | ||
| 650 | _aMCLEAN HOMES (EAST ANGLIA) LIMITED V SOS AND CHELMSFORD BC | ||
| 650 | _aPLANNING PERMISSION | ||
| 650 | _aPUBLIC INQUIRIES | ||
| 650 | _aRESIDENTIAL DEVELOPMENT | ||
| 650 | _aSAVE BRITAIN`S HERITAGE | ||
| 690 | _aPROPERTY LAW AND PRACTICE-CASE LAW | ||
| 942 | _n0 | ||
| 948 | _c19/01/1999 | ||
| 999 |
_c57574 _d57574 |
||